000 00466nam a22001817a 4500
003 NUST - PNEC
005 20170116180819.0
008 150612b xxu||||| |||| 00| 0 eng d
020 _a0340872772
040 _cLIBRARY
082 _a510 BER
100 _93919
_aBERRY
245 _aThe complete A-Z mathematics handbook
_cJohn Berry
260 _aLondon
_bHodder & Stouhton
_cc1997.
300 _a277 p. :
650 _93920
_aMathematics
_xME
942 _2ddc
_cBK
999 _c63645
_d63645